Statystyki dla QUIZ O ŚWIECIE

Kliknij tutaj aby rozwiązać quiz!

Ogólne statystyki

  • Ten quiz został rozwiązany 36 razy
  • Średni wynik to 7 z 10

Statystyki odpowiedzi

ZagadnienieOdpowiedź% Poprawnych
GDZIE SĄ PRODUKOWANE KLOCKI LEGODANIA
97%
JAKI JEST NAJBIEDNIEJSZY KRAJ NA ŚWIECIEBURUNDI
94%
SKĄD JEST RENAULTFRANCJA
94%
JAKI JEST NAJBOGATSZY LUDŹ NA ŚWIECIEELON MUSK
81%
ILE LAT MIAŁA NAJDLUŻEJ ŻYJĄCA OSOBA NA ŚWIECIE122LATA
77%
ILE ŻYJE LUDZI NA ZIEMI8MLD
74%
CZY CHCESZ WIĘCEJ TAKICH QUIZÓW ( JAK PONAD 70% ZAZNACZY ŻE CHCE WIĘCEJ TAKICH QUIZÓW TO ZROBIĘ)CHCĘ WIĘCEJ TAKICH QUIZÓW
68%
CZY PODOBAŁ CI SIĘ TEN QUIZTAK
65%
W JAKIM KRAJU ŻYJE NAJWIĘCEJ LUDZIINDIE
45%
JAKA JEST STOLICA GDZIE MIESZKA NAJWIECEJ LUDZIPEKIN
32%

Rozkład punktacji

Percentyl według liczby udzielonych odpowiedzi

Procent ludzi z każdym wynikiem

Twoja historia wyników

Nie rozwiązałeś tego quizu